[Event "Challenge"]
[Site "http://www.queenalice.com/game.php?id=105641"]
[Date "2006.9.14"]
[Round "-"]
[White "Archer"]
[Black "Schachspieler"]
[Result "0-1"]
[WhiteElo "1348"]
[BlackElo "1367"]

1. e4 c5 2. e5 d6 3. a4 dxe5 4. Bc4 Nc6 5. Qf3 Nf6 6. Ne2 a6 7. O-O g6 8. Nbc3
Bg7 9. Ne4 e6 10. Nxc5 Bd7 11. Ra3 Qc8 12. b4 O-O 13. a5 Nd5 14. d4 exd4 15.
Bxd5 exd5 16. Qxd5 Be6 17. Nxe6 Qxe6 18. Nf4 Qxd5 19. Nxd5 Rad8 20. Nc7 Be5 21.
b5 Bxc7 22. bxc6 bxc6 23. c4 c5 24. f4 Rb8 25. g3 Rb4 26. f5 Rxc4 27. Bh6 Re8
28. fxg6 hxg6 29. Raf3 Re7 30. h4 Rc3 31. R3f2 Rxg3+ 32. Kh2 Rf3+ 33. Kg2 Rxf2+
34. Rxf2 Re6 35. Rb2 Bxa5 36. Rb8+ Kh7 37. Bf4 Bb4 38. Kf3 a5 39. Kg4 d3 40. Rd8
d2 41. Rd7 Kg7 42. Bg5 Re1 43. Bxd2 Bxd2 44. Rxd2 Re7 45. Rd5 Rc7 46. Kg5 c4 47.
Rxa5 c3 48. Ra1 c2 49. Rc1 Rc4 50. h5 f6# 0-1

[Event "AUTO-INT-262"]
[Site "http://www.queenalice.com/game.php?id=135779"]
[Date "2006.12.1"]
[Round "1"]
[White "Schachspieler"]
[Black "klitzke"]
[Result "1-0"]
[WhiteElo "1595"]
[BlackElo "1709"]

1. f4 d6 2. e3 Bf5 3. Nc3 Nf6 4. Nf3 e5 5. fxe5 Ne4 6. Nxe4 Bxe4 7. exd6 Bxd6 8.
d3 Bg6 9. e4 Nc6 10. Be3 Qf6 11. c3 O-O-O 12. Qd2 b5 13. a3 Qe6 14. Nd4 Nxd4 15.
Bxd4 Be5 16. Bxe5 Qxe5 17. Qe3 Kb8 18. O-O-O Qe6 19. Kb1 Qb3 20. Be2 Rhe8 21.
Bf3 f5 22. h3 Bf7 23. Qc5 Qa2+ 24. Kc1 Bb3 25. Qxb5+ Kc8 26. e5 Qa1+ 27. Kd2
Qxb2+ 28. Ke3 Qxc3 29. Bb7+ Kb8 30. Ba6+ Ka8 31. Qb7# 1-0

[Event "AUTO-INT-262"]
[Site "http://www.queenalice.com/game.php?id=135780"]
[Date "2006.12.1"]
[Round "1"]
[White "klitzke"]
[Black "Schachspieler"]
[Result "0-1"]
[WhiteElo "1717"]
[BlackElo "1659"]

1. e4 c5 2. c4 Nc6 3. Nf3 e6 4. d4 Nxd4 5. Nxd4 cxd4 6. Qxd4 Qb6 7. Qd1 Bc5 8.
Qf3 Bb4+ 9. Nc3 Qd4 10. a3 Ba5 11. Be3 Bxc3+ 12. Ke2 Qxc4+ 13. Kd1 Qb3+ 14. Kc1
Qxb2+ 15. Kd1 Qxa1+ 16. Bc1 Bb2 17. Qe3 Bxc1 18. Qxc1 Qxc1+ 19. Kxc1 Nf6 20. Bd3
O-O 21. h4 e5 22. f3 d5 23. exd5 Nxd5 24. g4 Be6 25. g5 Nf4 26. Be4 Rfd8 27. Kc2
Rac8+ 28. Kb2 Rd2+ 29. Kb1 Rc3 30. Re1 Nd3 31. Bxd3 Rcxd3 32. Rxe5 Rxf3 33. Rc5
Rf1+ 34. Rc1 Rdd1 35. Rxd1 Rxd1+ 36. Kc2 Bg4 37. a4 Kf8 38. Kc3 Ke7 39. Kc4 Bd7
40. Kb4 Bxa4 41. Ka5 Rb1 42. Kxa4 Kd6 0-1

[Event "AUTO-INT-262"]
[Site "http://www.queenalice.com/game.php?id=135781"]
[Date "2006.12.1"]
[Round "1"]
[White "Schachspieler"]
[Black "aarongale"]
[Result "1-0"]
[WhiteElo "1723"]
[BlackElo "1441"]

1. f4 g6 2. Nf3 Bg7 3. e3 d6 4. Bd3 c5 5. Nc3 Bxc3 6. bxc3 b6 7. Bb2 Nf6 8. c4
Bg4 9. Bxf6 exf6 10. Be4 Nd7 11. Bxa8 Qxa8 12. h3 Bxf3 13. Qxf3 Qc8 14. O-O f5
15. a4 Nf6 16. d3 O-O 17. a5 Qc7 18. axb6 axb6 19. Ra8 Rxa8 20. Qxa8+ Kg7 21.
Ra1 Qe7 22. Kf2 1-0

[Event "AUTO-INT-262"]
[Site "http://www.queenalice.com/game.php?id=135782"]
[Date "2006.12.1"]
[Round "1"]
[White "aarongale"]
[Black "Schachspieler"]
[Result "0-1"]
[WhiteElo "1441"]
[BlackElo "1710"]

1. e4 c5 2. Nf3 Nc6 3. Bb5 e6 4. Bxc6 bxc6 5. d3 d5 6. e5 f6 7. O-O fxe5 8. Nxe5
g6 9. Re1 Nf6 10. Nxc6 Qc7 11. Ne5 Bd6 12. f4 Nd7 13. Nxd7 Bxd7 14. g3 c4 15. d4
h5 16. h4 a5 17. c3 Qc6 18. Nd2 Qa4 19. Qxa4 Bxa4 20. b3 Bd7 21. bxc4 dxc4 22.
Nxc4 Bc7 0-1

[Event "AUTO-INT-262"]
[Site "http://www.queenalice.com/game.php?id=135783"]
[Date "2006.12.1"]
[Round "1"]
[White "Schachspieler"]
[Black "paulouk"]
[Result "1-0"]
[WhiteElo "1529"]
[BlackElo "1590"]

1. f4 d5 2. e3 Nf6 3. Nc3 Ng4 4. Nf3 a6 5. b3 Nc6 6. h3 Nf6 7. Bb2 Bf5 8. d3 d4
9. exd4 Nxd4 10. Nxd4 Qxd4 11. Qd2 e6 12. O-O-O Nh5 13. Ne2 Qf2 14. g4 Qf3 15.
Rg1 Bc5 16. Bd4 Bd6 17. Bg2 Bxf4 18. Bxf3 Bxd2+ 19. Rxd2 O-O 20. gxf5 Nf6 21.
Bxf6 g6 22. Bxb7 Rab8 23. Bxa6 exf5 24. Bc4 Ra8 25. a4 Rab8 26. Nd4 Rb6 27. Re2
Rxf6 28. Rge1 f4 29. Re8 Rxe8 30. Rxe8+ Kg7 31. Re7 f3 32. Nxf3 Rxf3 33. a5 Rf6
34. Rxf7+ Rxf7 35. Bxf7 Kxf7 36. a6 h5 37. a7 Kg7 38. a8=Q g5 39. Qc6 g4 40.
hxg4 hxg4 41. Qxc7+ Kg6 42. Qe5 g3 43. Qxg3+ Kf6 44. Qh4+ Ke5 45. Kd2 Kd5 46.
Kc3 Ke5 47. Qe4+ Kf6 48. Qd5 Kg6 49. Qf3 Kg5 50. Kd4 Kh4 51. Qg2 Kh5 52. Ke4 1-0

[Event "AUTO-INT-262"]
[Site "http://www.queenalice.com/game.php?id=135784"]
[Date "2006.12.1"]
[Round "1"]
[White "paulouk"]
[Black "Schachspieler"]
[Result "0-1"]
[WhiteElo "1557"]
[BlackElo "1443"]

1. d4 f5 2. Nc3 Nf6 3. Nf3 e6 4. Bf4 Nc6 5. Nb5 d6 6. c4 a6 7. Nc3 h6 8. Qa4 Bd7
9. Nh4 b5 10. Ng6 bxa4 11. Nxh8 Nxd4 12. Rc1 Qb8 13. b4 axb3 14. axb3 Qxb3 15.
e3 Nc6 16. Bd3 a5 17. O-O Qb7 18. Rb1 Nb4 19. f3 a4 20. e4 Bc6 21. exf5 e5 22.
Bg3 Rb8 23. Ne4 Nxe4 24. fxe4 Qa8 25. f6 Nxd3 26. f7+ Kd7 27. Ng6 Rxb1 28. Rxb1
Bxe4 29. Nxf8+ Qxf8 30. Rf1 a3 31. Bh4 a2 32. Be7 Kxe7 33. Rf6 a1=R+ 34. Rf1
Rxf1+ 35. Kxf1 Qxf7+ 36. Ke2 Qf2+ 37. Kd1 Qxg2 38. c5 Bf3# 0-1

[Event "AUTO-INT-262"]
[Site "http://www.queenalice.com/game.php?id=188823"]
[Date "2007.3.28"]
[Round "2"]
[White "Dinho"]
[Black "Schachspieler"]
[Result "0-1"]
[WhiteElo "1666"]
[BlackElo "1764"]

1. e4 c5 2. Bc4 Nc6 3. Nf3 e6 4. d4 cxd4 5. Nxd4 Nxd4 6. Qxd4 Nf6 7. e5 Nd5 8.
Bxd5 exd5 9. Nc3 Qa5 10. O-O Bc5 11. Qxd5 Bb4 12. Qxa5 Bxa5 13. Bg5 h6 14. Bd2
a6 15. Rad1 b5 16. Nd5 Bd8 17. Rfe1 Bb7 18. Bb4 Bxd5 19. Rxd5 Be7 20. Bc3 b4 21.
Bd4 h5 22. g3 h4 23. c3 hxg3 24. hxg3 bxc3 25. Bxc3 Rh5 26. f4 d6 27. g4 Rh4 28.
exd6 Rxg4+ 29. Kh2 O-O-O 30. d7+ Rxd7 31. Rxd7 Kxd7 32. Re4 Bd6 33. Kh3 f5 34.
Ra4 Bxf4 35. Rxa6 g5 36. Be1 Rg1 37. Bf2 g4+ 0-1

[Event "AUTO-INT-262"]
[Site "http://www.queenalice.com/game.php?id=188824"]
[Date "2007.3.28"]
[Round "2"]
[White "Schachspieler"]
[Black "Dinho"]
[Result "1/2-1/2"]
[WhiteElo "1808"]
[BlackElo "1648"]

1. f4 Nf6 2. Nf3 d5 3. e3 Bf5 4. Nc3 a6 5. b3 g6 6. Bb2 Bg7 7. d3 O-O 8. e4 dxe4
9. dxe4 Nxe4 10. Qxd8 Rxd8 11. Na4 Bh6 12. g3 b5 13. Nc3 Bg7 14. Nd1 Nc6 15.
Bxg7 Kxg7 16. Bd3 Nd6 17. Bxf5 Nxf5 18. Kf2 Ncd4 19. Nxd4 Nxd4 20. Ne3 a5 21. c3
Ne6 22. Rhd1 Nc5 23. Rxd8 Rxd8 24. Rd1 Rxd1 25. Nxd1 f5 26. Ne3 e6 27. c4 c6 28.
Ke2 Kf6 29. cxb5 cxb5 30. Kd2 e5 31. Nd5+ Ke6 32. Nc7+ Kf6 33. fxe5+ Kxe5 34.
Nxb5 Ke4 35. Ke2 f4 36. Nd6+ Kd5 37. Nc4 Ne4 38. gxf4 Nc3+ 39. Kd3 Nxa2 40. Nxa5
Nc1+ 41. Ke3 Ke6 42. h4 Kf5 43. Kf3 Nd3 44. Ke3 Nxf4 45. Kf3 h6 46. b4 Ne6 47.
b5 Nd4+ 48. Kg3 Nxb5 49. Nc4 Ke6 50. Ne3 Nd4 51. Kg4 Nf5 52. Ng2 Kf6 53. h5
1/2-1/2

[Event "AUTO-INT-262"]
[Site "http://www.queenalice.com/game.php?id=188829"]
[Date "2007.3.28"]
[Round "2"]
[White "Schachspieler"]
[Black "Fredov"]
[Result "1-0"]
[WhiteElo "1783"]
[BlackElo "1803"]

1. f4 d5 2. e3 Nf6 3. Nf3 e6 4. Nc3 Nc6 5. a3 Bd6 6. Bd3 O-O 7. O-O e5 8. fxe5
Nxe5 9. Nxe5 Bxe5 10. Be2 c5 11. d4 cxd4 12. exd4 h6 13. dxe5 Nd7 14. Nxd5 Nxe5
15. Nc3 Be6 16. Qxd8 Rfxd8 17. Rd1 Bg4 18. Rxd8+ Rxd8 19. Bxg4 Nxg4 20. Bf4 g5
21. h3 Nf6 22. Be3 Kh7 23. Bxa7 Rd2 24. Rc1 Nh5 25. Be3 Rd6 26. Rd1 Rxd1+ 27.
Nxd1 Kg6 28. c4 Nf6 29. Nc3 Nd7 30. b4 Ne5 31. c5 Nc4 32. Bc1 f5 33. a4 f4 34.
a5 Ne5 35. b5 Nd7 36. c6 bxc6 37. bxc6 Nc5 38. c7 Nb3 39. c8=Q 1-0

[Event "AUTO-INT-262"]
[Site "http://www.queenalice.com/game.php?id=188830"]
[Date "2007.3.28"]
[Round "2"]
[White "Fredov"]
[Black "Schachspieler"]
[Result "0-1"]
[WhiteElo "1785"]
[BlackElo "1734"]

1. e4 c5 2. Nc3 Nc6 3. g3 e6 4. Bg2 Nf6 5. d3 h6 6. Nf3 d6 7. O-O a6 8. Be3 Ng4
9. Ne2 Nxe3 10. fxe3 Be7 11. d4 O-O 12. c3 b5 13. a4 b4 14. e5 dxe5 15. Nxe5
Nxe5 16. Bxa8 Nc4 17. b3 Nxe3 18. Qe1 cxd4 19. Rf3 Nc2 20. Qb1 Nxa1 21. Qxa1
dxc3 22. Be4 f5 23. Bd3 Bb7 24. Re3 Bc5 25. Nf4 Bxe3+ 26. Kf1 Bxf4 0-1

[Event "Challenge"]
[Site "http://www.queenalice.com/game.php?id=194202"]
[Date "2007.4.9"]
[Round "-"]
[White "hk1960"]
[Black "Schachspieler"]
[Result "0-1"]
[WhiteElo "979"]
[BlackElo "1734"]

1. d3 e5 2. Qd2 Nc6 3. Qc3 Nf6 4. g3 Bd6 5. Bh3 Bb4 6. Bd2 Bxc3 7. Bxc3 O-O 8.
Bxe5 Nxe5 9. Nc3 d5 10. e4 dxe4 11. dxe4 Bxh3 12. Nge2 Nf3# 0-1

[Event "AUTO-ADV-508"]
[Site "http://www.queenalice.com/game.php?id=217966"]
[Date "2007.5.29"]
[Round "1"]
[White "Schachspieler"]
[Black "carlos31"]
[Result "1-0"]
[WhiteElo "1799"]
[BlackElo "1814"]

1. d4 d5 2. Bf4 Nf6 3. Nc3 e6 4. Nf3 Bb4 5. Qd3 Ne4 6. a3 Bxc3+ 7. bxc3 Nc6 8.
Ne5 Nxe5 9. Bxe5 O-O 10. c4 c6 11. cxd5 Qa5+ 12. c3 Nxc3 13. Qd2 b6 14. dxc6 Ba6
15. Bd6 Ne4 16. Qxa5 bxa5 17. Bxf8 Kxf8 18. Rc1 Rc8 19. f3 Nf6 20. e4 Bxf1 21.
Kxf1 Ke7 22. Kf2 Kd6 23. e5+ Kd5 24. exf6 gxf6 25. c7 Kd6 26. Ke3 a4 27. Rc4
Rxc7 28. Rxc7 Kxc7 29. Rc1+ Kb6 30. Rc8 Kb5 31. Kd3 h6 32. Rc7 a6 33. Rxf7 e5
34. Rxf6 exd4 35. Rxh6 a5 36. Rh8 Kc5 37. Rd8 Kb5 38. Rxd4 Kc5 39. Rxa4 Kb5 40.
Rxa5+ Kxa5 41. f4 Kb5 42. f5 Kc5 43. a4 Kb4 44. f6 Kxa4 45. f7 Kb5 46. f8=Q Kc6
47. Qd8 Kc5 48. Ke4 Kc4 49. Qc8+ Kb3 50. Kd4 Kb4 51. Qb8+ Ka3 52. Kc4 Ka2 53.
Kc3 Ka1 54. Kc2 Ka2 55. Qa8# 1-0

[Event "AUTO-ADV-508"]
[Site "http://www.queenalice.com/game.php?id=217967"]
[Date "2007.5.29"]
[Round "1"]
[White "carlos31"]
[Black "Schachspieler"]
[Result "0-1"]
[WhiteElo "1835"]
[BlackElo "1777"]

1. e4 Nf6 2. e5 Nd5 3. d4 d6 4. exd6 cxd6 5. Qf3 e6 6. Bc4 Qf6 7. Bxd5 exd5 8.
Qxd5 Qe6+ 9. Qxe6+ Bxe6 10. Ne2 Nc6 11. Bd2 d5 12. Nbc3 g6 13. Bg5 Bg7 14. Nb5
Kd7 15. c3 a6 16. Na3 h6 17. Bf4 b5 18. Nc2 g5 19. Be3 Bf5 20. O-O-O a5 21. h3
b4 22. Kb1 Rab8 23. Kc1 b3 24. axb3 Rxb3 25. Na1 Rb7 26. b3 Rc8 27. g4 Be4 28.
Rhg1 Bf3 29. Kd2 Be4 30. Ng3 Bg6 31. Nf5 Bf8 32. f4 Ne7 33. Nxe7 Bxe7 34. fxg5
hxg5 35. Rc1 Rh8 36. Rg3 Bd6 37. Rf3 Be7 38. Rcf1 Rf8 39. Kc1 f6 40. Kb2 a4 41.
b4 Rb6 42. Ka3 Be4 43. R3f2 Bd3 44. Rd1 Bb5 45. Rf5 Kd6 46. Bg1 Rh8 47. Bh2+ Ke6
48. Re1+ Kf7 49. Re3 Re6 50. Ref3 Re2 51. Bc7 Bc4 52. Rf2 Rxf2 53. Rxf2 Rxh3 54.
Kb2 Rh4 55. Rg2 Ke6 56. Ka3 Kd7 57. Bb6 Bf1 58. Rg3 Be2 59. Kxa4 Rxg4 60. Rxg4
Bxg4 61. Nc2 Bd1 62. Kb3 f5 63. Kb2 f4 64. Ne1 f3 65. Nd3 Bd6 66. Kc1 Be2 67.
Kd2 g4 68. Bc5 g3 69. Bxd6 Kxd6 70. Nf4 g2 71. Nh3 f2 72. Nxf2 g1=Q 73. Kxe2 Kc6
74. Nd3 Kb5 75. Ne5 Qc1 76. Kd3 Qd1+ 77. Ke3 Qc2 78. c4+ dxc4 79. d5 Qd1 80. Ke4
c3 81. Nd3 c2 82. d6 c1=Q 83. Nxc1 Qxc1 84. Ke5 Qc8 85. Kf6 Qd7 86. Ke5 Kxb4 87.
Kd5 Kb5 88. Ke5 Kc6 89. Ke4 Qxd6 90. Ke3 Qb4 91. Kd3 Kc5 92. Ke3 Kd5 93. Kd3
Qb3+ 94. Kd2 Kd4 95. Ke2 Qe3+ 96. Kd1 Qf2 97. Kc1 Kc3 98. Kb1 Qb2# 0-1

[Event "AUTO-ADV-508"]
[Site "http://www.queenalice.com/game.php?id=217968"]
[Date "2007.5.29"]
[Round "1"]
[White "Schachspieler"]
[Black "Constante"]
[Result "0-1"]
[WhiteElo "1811"]
[BlackElo "1788"]

1. f4 d5 2. e3 Nc6 3. Nf3 h6 4. Nc3 Nf6 5. Bb5 a6 6. Bxc6+ bxc6 7. O-O Bg4 8. h3
Bh5 9. a3 e6 10. b4 Bd6 11. Bb2 Rb8 12. g4 Bg6 13. Ne5 Bxe5 14. fxe5 Ne4 15.
Nxe4 Bxe4 16. d3 Bg6 17. c4 O-O 18. c5 Qh4 19. Qe1 Qxh3 20. Qe2 Qg3+ 21. Kh1
Qh4+ 22. Kg2 Qg5 23. Bd4 h5 24. Rf4 f5 25. Raf1 Rf7 26. Rh1 Rbf8 27. Qf2 fxg4
28. Rxf7 Rxf7 29. Qe2 h4 30. e4 h3+ 31. Kg1 Qc1+ 32. Kh2 Qf4+ 0-1

[Event "AUTO-ADV-508"]
[Site "http://www.queenalice.com/game.php?id=217969"]
[Date "2007.5.29"]
[Round "1"]
[White "Constante"]
[Black "Schachspieler"]
[Result "1-0"]
[WhiteElo "1809"]
[BlackElo "1792"]

1. e4 c5 2. Bc4 Nc6 3. Nf3 e6 4. Nc3 d5 5. Bb5 Bd7 6. exd5 exd5 7. Nxd5 Nf6 8.
Nc3 a6 9. Bc4 Nd4 10. Nxd4 cxd4 11. Nb1 Bd6 12. d3 O-O 13. O-O Ng4 14. g3 Bf5
15. Qf3 Bc8 16. Bf4 Qf6 17. Nd2 Ne5 18. Bxe5 Bxe5 19. Qxf6 Bxf6 20. Bd5 Rb8 21.
Rfe1 Bd7 22. Nc4 Bc6 23. Nb6 Rfd8 24. Bxc6 bxc6 25. Nc4 Re8 26. b3 Rxe1+ 27.
Rxe1 h6 28. Na5 c5 29. Nc6 Rc8 30. Na5 Kf8 31. Nc4 Re8 32. Rxe8+ Kxe8 33. Nd6+
Kf8 34. Kg2 g5 35. Kf3 Be5 36. Nf5 Bg7 37. Ke4 Ke8 38. Nxg7+ 1-0

[Event "AUTO-ADV-508"]
[Site "http://www.queenalice.com/game.php?id=217970"]
[Date "2007.5.29"]
[Round "1"]
[White "Schachspieler"]
[Black "perple"]
[Result "1/2-1/2"]
[WhiteElo "1821"]
[BlackElo "1919"]

1. f4 d5 2. e3 g6 3. Nf3 Bg7 4. Nc3 Nf6 5. Bd3 O-O 6. b3 c5 7. Bb2 Nc6 8. Bb5 d4
9. exd4 Nxd4 10. Nxd4 Qxd4 11. Qf3 Bf5 12. Bd3 Bxd3 13. cxd3 Rad8 14. O-O-O Nd5
15. Qe4 Nxf4 16. Qxd4 Rxd4 17. Rhg1 Nxd3+ 18. Kb1 Nxb2 19. Kxb2 Rfd8 20. Kc2 Bh6
21. d3 a6 22. Ne2 R4d6 23. Rgf1 e5 24. g3 f5 25. h3 b5 26. a3 Rc8 27. h4 Be3 28.
Rf3 Bd4 29. Rc1 c4 30. Nxd4 Rxd4 31. dxc4 bxc4 32. b4 Rd3 33. Rxd3 cxd3+ 34. Kd2
Rxc1 35. Kxc1 e4 36. a4 Kf7 37. b5 axb5 38. a5 b4 39. a6 b3 40. a7 d2+ 41. Kxd2
e3+ 42. Kxe3 b2 43. a8=Q b1=Q 44. Qd5+ Kg7 45. Qd4+ 1/2-1/2

[Event "AUTO-ADV-508"]
[Site "http://www.queenalice.com/game.php?id=217971"]
[Date "2007.5.29"]
[Round "1"]
[White "perple"]
[Black "Schachspieler"]
[Result "1-0"]
[WhiteElo "1919"]
[BlackElo "1825"]

1. d4 Nf6 2. c4 d5 3. Nf3 dxc4 4. e3 e6 5. Bxc4 Nc6 6. Nc3 Bb4 7. O-O O-O 8. a3
Ba5 9. b4 Bb6 10. Bb2 a6 11. d5 exd5 12. Nxd5 Nxd5 13. Bxd5 Be6 14. Bxe6 fxe6
15. Qb3 Qd5 16. Qc3 Rf6 17. Rad1 Qf5 18. Rd7 Raf8 19. Qc4 R6f7 20. e4 Qg6 21.
Rxf7 Rxf7 22. Qd3 Rf8 23. Kh1 Rd8 24. Qc4 Qe8 25. Ng5 Rd6 26. e5 Rd5 27. Re1
Bxf2 28. Rf1 Bd4 29. Bxd4 Rxd4 30. Qxe6+ Qxe6 31. Nxe6 h6 32. Rf8+ Kh7 33. Nxd4
Nxd4 34. Rc8 Ne6 35. Re8 Nd4 36. e6 Kg6 37. e7 Nc6 38. Rc8 Nxe7 39. Rxc7 Nc6 40.
Rxb7 a5 41. Rb6 axb4 42. Rxc6+ Kh7 43. axb4 h5 44. b5 h4 45. b6 h3 46. b7 hxg2+
47. Kxg2 1-0